| 000 | 01145nam a2200361 a 4500 | ||
|---|---|---|---|
| 003 | AR-BaBNM | ||
| 005 | 20251128210001.0 | ||
| 008 | 082120s2002 ||||||||||||||000 | spa|| | ||
| 040 | _cAR-BaBNM | ||
| 110 | 1 |
_aArgentina _bMinisterio de Cultura y Educación |
|
| 245 | 0 | 0 | _aEducación Artística y Educación Física |
| 250 | _a1ª ed. | ||
| 260 |
_aBuenos Aires _bMinisterio de Cultura y Educación de la Nación _c1996 |
||
| 300 |
_a289 p. _btablas |
||
| 490 | 0 | _aFuentes para la transformación curricular | |
| 500 | _aContiene referencias bibliográficas y nómina de especialistas consultados | ||
| 650 | 4 | _aEDUCACION ARTISTICA | |
| 650 | 4 | _aEDUCACION FISICA | |
| 650 | 4 | _aCURRICULO | |
| 650 | 4 | _aFORMACION DE DOCENTES | |
| 651 | 4 | _aArgentina | |
| 653 | _aCONTENIDOS BASICOS COMUNES | ||
| 653 | _aCONTENIDOS CURRICULARES | ||
| 653 | _aEDUCACION GENERAL BASICA | ||
| 653 | _aEDUCACION POLIMODAL | ||
| 700 | 1 | _aFrega, Ana Lucía | |
| 700 | 1 | _aTapia de Osorio, Gloria | |
| 700 | 1 | _aVega, Roberto | |
| 700 | 1 | _aGómez, Raúl Horacio | |
| 700 | 1 |
_aDecibe, Susana B. _eprologuista |
|
| 942 | _cBK | ||
| 998 | _carturo | ||
| 999 |
_c13599 _d13599 |
||